| 000 | 02996cam a22003618i 4500 | ||
|---|---|---|---|
| 001 | 21317583 | ||
| 003 | EG-ScBUE | ||
| 005 | 20220220131111.0 | ||
| 008 | 191129s2020 nju f b 001 0 eng d | ||
| 020 | _a9781119546870 | ||
| 040 |
_aLBSOR/DLC _beng _erda _cDLC _dEG-ScBUE |
||
| 082 | 0 | 4 |
_a621.31 _222 _bCHO |
| 100 | 1 |
_aChow, J. H. _q(Joe H.), _d1951- _eauthor. |
|
| 245 | 1 | 0 |
_aPower system modeling, computation, and control / _cJoe H. Chow, Rensselaer Polytechnic Institute, Troy, NY, USA, Juan J. Sanchez-Gasca, GE Energy Consulting, Schenectady, NY, USA. |
| 264 | 1 |
_aHoboken, NJ : _bWiley-IEEE Press, _c2020. |
|
| 300 |
_a1 volume (various pagings) : _bforms ; _c24 cm |
||
| 336 |
_atext _btxt _2rdacontent |
||
| 337 |
_aunmediated _bn _2rdamedia |
||
| 338 |
_avolume _bnc _2rdacarrier |
||
| 504 | _aIncludes bibliographical references and index. | ||
| 505 | 0 | _aSteady-state power flow -- Steady-state voltage stability analysis -- Power system dynamics and simulation -- Direct transient stability analysis -- Linear analysis and small-signal stability -- Steady-state models and operation of synchronous machines -- Dynamic models of synchronous machines -- Excitation systems -- Power system stabilizers -- Load and induction motor models -- Turbine-governor models and frequency control -- High-voltage direct-current transmission systems -- Flexible AC transmission systems -- Wind power generation and modeling -- Power system coherency and model reduction. | |
| 520 |
_a"The proposed book is intended to be used as a two-semester graduate level textbook on power system dynamics and controls. The material is based two graduate level courses taught at RPI (ECSE 6190 Computer Methods for Electric Power Engineering and ECSE 6180 Advanced Power System Modeling and Control) that have been taught since 2009. The first 10 chapters (power flow solution, voltage stability, simulation methods, transient stability, small signal stability, synchronous machine models (steady-state and dynamic models), excitation systems, power system stabilizer design) are taught in 6190, and the other 7 chapters are taught in 6180. The two courses, and hence this book, are intended to provide power students with an understanding of the practices in power system stability analysis and control design, as well as the computational tools being used and provided by commercial vendors"-- _cProvided by publisher. |
||
| 650 | 7 |
_aElectric power systems _vTextbooks. _2BUEsh |
|
| 653 |
_bGGEN _cFebruary2022 |
||
| 655 |
_vReading book _934232 |
||
| 700 | 1 |
_aSanchez-Gasca, Juan J., _d1953- _eauthor. |
|
| 710 | 2 |
_aInstitute of Electrical and Electronics Engineers, _eissuing body. |
|
| 776 | 0 | 8 |
_iOnline version: _aChow, J. H. (Joe H.), 1951- _tPower system modeling, computation, and control. _dHoboken, NJ : Wiley-IEEE Press, [2019] _z9781119546887 _w(DLC) 2019024532 |
| 906 |
_a7 _bcbc _corignew _d1 _eecip _f20 _gy-gencatlg |
||
| 942 |
_2ddc _cBB |
||
| 999 |
_c29783 _d29754 |
||